000 00602nam a2200253 a 4500
001 nice12345678
003 IN_TiNIC
005 20260116013042.0
008 050524s1996 lona grp 000 0 eng
020 _a
_c295.26
082 0 0 _a923.0591
_bSUU2
100 _aSuu Kyi, Aung San
245 _aLetters from Burma
260 _aLondon
_bPenguin Book
_c1996
300 _a209p
500 _aincludes index and biblioraphy
505 2 _aIndex
650 _aBurma
650 _aBiography-Aung San Suu Kyi
700 1 _aSuu Kyi, Aung San
902 _bSRS
942 _cBK
999 _c9441
_d9441